| 000 | 00634nam a2200193 ca4500 | ||
|---|---|---|---|
| 001 | 000030308 | ||
| 003 | RuMoIPM | ||
| 005 | 20260414132034.0 | ||
| 008 | 130416s1965----ur | c rus | ||
| 040 |
_aRuMoIPM _brus _ercr |
||
| 041 | 0 | _arus | |
| 044 | _aru | ||
| 080 | _a51(07) | ||
| 100 | 1 | _aКолобов, Александр Михайлович | |
| 245 | 1 |
_aИзбранные главы высшей математики _b[учебное пособие для вузов] _cА. М. Колобов |
|
| 260 |
_aМинск _bВысшая школа _c1965- |
||
| 650 |
_2psbo _aМатематика высшая |
||
| 942 | _cBK | ||
| 999 |
_c30308 _d30308 |
||